Спасской Марии

Доступно только в Электронных читальных залах Найти на картеНа карте
RUSMARC
00003987nmc2a22002891x 450
0014bacc681-e842-4140-a302-74a46cbca799
00520140115071751.0
100##$a20130529l18901919k y0rusy50 ca
1010#$arus
102##$aRU
105##$ay z |||||
1222#$ad18900918
$ad19190204
2001#$aСпасской Марии
$j18 сентября 1890 - 4 февраля 1919
215##$a150 листов
$cоткр.
251##$cДело
300##$aЗаголовок дела на папке: Письма Спасской Марии Кони А. Ф.
300##$aЛисты: 47-48 - пропущены номера; 45-46 - разорваны на 2 части
300##$aРукописный текст
330##$aПереписка А. Ф. Кони; Письма к А. Ф. Кони
461#0$10013a54f2e3-e9cf-409b-80fa-f0a9bd3c40cb
$12001
$aКони Анатолий Федорович, юрист, литератор, член академии наук, председатель Санкт-Петербургского окружного суда, член государственного совета
$1251
$cФонд
$1852
$j564
462#0$100178a475cd-a47d-4377-bff3-cee4b81de655
$12001
$aОпись дел фонда А. Ф. Кони за 1880-1931 гг.
$1251
$cОпись
$1852
$j1
517##$aПисьма Спасской Марии Кони А. Ф.
600#1$aКони
$bА. Ф.
$f1844-1927
$gАнатолий Федорович
600#1$aСпасская
$bМ.
$gМария
801#0$aRU
$bGA_RF
801#1$aRU
$bНПО Опыт
$c20130529
$2rusmarc
801#2$aRU
$bПБ им. Б.Н. Ельцина
$c20140115
$gRCR
$2rusmarc
852##$aГА РФ
$j3274
937##$d42804522
$hПБ
035##$aRuPRLIB51005335
Формат отображения